| 000 | 00570nam a22001937a 4500 | ||
|---|---|---|---|
| 005 | 20170609150331.0 | ||
| 010 | _aENG-118604 | ||
| 020 |
_a9788120353053 _c425.00 |
||
| 035 | _aEN-102136 | ||
| 037 | _bDABD/PUB | ||
| 082 | _a658.5 | ||
| 100 | _aModi, Jamshed A. | ||
| 245 |
_aEssentials of operations management / _cby Jamshed A. Modi |
||
| 260 |
_aDelhi _bPHI Learning _c2017 |
||
| 270 |
_a111, Patparganj Industrial Estate _bDelhi _e110092 |
||
| 300 |
_axiii,382p.: _c24cm(pbk) _bill |
||
| 500 | _aIncludes index | ||
| 942 |
_2ddc _cEN _h658.5 _mMOD |
||
| 999 |
_c140967 _d140967 |
||